TEXTBOOK OF BASIC NURSING (Record no. 4538)

MARC details
000 -LEADER
fixed length control field 00468nam a22001817a 4500
008 - FIXED-LENGTH DATA ELEMENTS--GENERAL INFORMATION
fixed length control field 260218b |||||||| |||| 00| 0 eng d
020 ## - INTERNATIONAL STANDARD BOOK NUMBER
ISBN 9781469894201
100 ## - MAIN ENTRY--AUTHOR
Author ROSDAHL, CAROLINE B.
245 ## - TITLE STATEMENT
Title TEXTBOOK OF BASIC NURSING
250 ## - EDITION STATEMENT
Edition statement 11TH
260 ## - PUBLICATION, DISTRIBUTION, ETC. (IMPRINT)
Place of publication PHILADELPHIA
Name of publisher WOLTERS KLUWER
Date of publication 2017
300 ## - COLLATION
Pagination XXV,1995p.
650 ## - TRACINGS
Main Subject Nursing, 2. COMMUNITY HEALTH
700 ## - ADDITIONAL AUTHOR
Additional Author KOWALSKI, MARY T.
942 ## - ADDED ENTRY ELEMENTS (KOHA)
Item type Books
050 ## - LIBRARY OF CONGRESS CALL NUMBER
Classification number RT41
Item number .R67
Holdings
Source of classification or shelving scheme Not for loan Permanent location Current location Date acquired Accession No. Full call number Barcode. Copy number Koha item type
Library of Congress Classification   Samuel Ogbemudia Main Library, University of Abuja Samuel Ogbemudia Main Library, University of Abuja 02/18/2026 2025/68752 RT41 .R67 2026-0026 1 Books